000 01754nam0a2200349 4500
001 RU\NLR\bibl\1746887
005 20260408162317.0
021 _aRU
_b2011-11266
_9809
035 _a(nilc)LIBNET\0000104384
035 _a(NLR Aleph) 001737780
090 _a1440049
_c1440049
100 _a20110215d2011 |||y0rusy50 ca
101 0 _arus
102 _aRU
105 _aa |||||||||
200 1 _aВаш налоговый секретарь
_e108 идеальных документов для общения с налоговой и фондами
_e[справочник для подписчиков газеты "Учет. Налоги. Право"]
205 _a2-е изд., расш. и доп.
210 _aМосква
_cАктион-Медиа
_d2011
215 _a384 с.
_cил., портр.
_d22
_e1 электрон. опт. диск (CD-ROM)
225 1 _aУчет. Налоги. Право
_eеженедельная профессиональная газета
606 1 _aНалоговое обложение
_jСправочники
_xПравовое регулирование
_yРоссийская Федерация
_92127776
_3RU\NLR\auth\661284104
606 _aНалоговое обложение
_jСправочники
_xДелопроизводство
_9931089
_3RU\NLR\auth\66342831
686 _a67.402.23я2
_vLBC/M
_2rubbk
686 _aУ26(2)141.3я2
686 _aХ622.2я2
712 0 2 _4570
_a"Учет. Налоги. Право", газета
_cМосква
_9640206
_3RU\NLR\AUTH\8810069319
801 0 _aRU
_bМурманская ГОУНБ
_c20110215
_grcr
801 1 _aRU
_bМурманская ГОУНБ
_c20110215
801 2 _aRU
_bNLR
_c20110316
_grcr
942 _cBOOK
980 _aNB